00641 a2200169 45000010006000000050017000060080041000230030015000640400040000790800058001192450106001770200022002832640053003053000018003580410008003761000087003846375720260407155937.0260407a1993 arg spa dAR-UNSa-BCEJYS aAR-UNSa-BCEJYSbspacAR-UNSa-BCEJYS a657(083)xResoluciones Técnicas Contables. Informes10aResolución técnica 11pNormas particulares de exposición contable para entes sin fines de lucro a978-950-791-016-6 1aBuenos Aires :bEdiciones Interoceánicasc1993 a42 p.c22 cm. aspa1 aFederación Argentina de Consejos Profesionales de Ciencias Económicas (FACPCE)